000 00612nam a2200181Ia 4500
003 GCL
008 140319s9999 xx 000 0 ara d
040 _aGCL /
_cGCL
082 0 4 _a574.192
_bف ا
100 1 _aفيليوفبتش، يو
245 1 0 _aاسس الكيمياء الحيوية: الكيمياء الحيوية الاستاتيكية /
_cفيليوفبتش، يو
700 1 _aحسن معوض عبد العال
260 _a[S.N] :
_b"دار ""مير ""للطباعة والنشر" ،
_c1980
300 _a318 ص
490 _a
650 0 4 _aالكيمياء الحيوية
942 _2ddc
_cBK
999 _c27664
_d27664